000 00516nam a2200181Ia 4500
003 GCL
008 140319s9999 xx 000 0 ara d
040 _aGCL /
_cGCL
082 0 4 _a813.03
_bس م
100 1 _aسليم بركات
245 1 0 _aمعسكرات الابد /
_cسليم بركات
260 _a[S.N] :
_bدار التنوير للطباعة والنشر ،
_c1993
300 _a271 ص
490 _a
650 0 4 _aالادب العربى
650 0 4 _aالقصة العربية
942 _2ddc
_cBK
999 _c56260
_d56260